| 000 | 00363nam a2200145Ia 4500 | ||
|---|---|---|---|
| 008 | 240624s9999 xx 000 0 und d | ||
| 041 | _aeng | ||
| 082 | _a658.15 HOR | ||
| 100 | _aHORNE JAMES C VAN | ||
| 245 | _aFUNDAMENTALS OF FINANCIAL MANAGEMENT | ||
| 250 | _a(13th ed.) | ||
| 260 |
_c2009 _aNew Delhi _bPHI Learning |
||
| 300 | _a744 : p. | ||
| 365 |
_cRS _b36 |
||
| 999 |
_c18083 _d18083 |
||